| 000 | 00873cab a2200325 4500 | ||
|---|---|---|---|
| 001 | WB3244-24 | ||
| 008 | 090401t1996 xxu||||| |||| 00| 0 eng d | ||
| 035 | _a(Sirsi) u56243 | ||
| 041 | _aeng | ||
| 245 | _aNorth American business locations | ||
| 260 | _c1996 | ||
| 300 | _aLOAN | ||
| 350 | _a0 | ||
| 490 |
_aFinancial Times _v20 November 1996, (6) |
||
| 520 | _aFeaturing Canada, Mexico, the United States including Silicon Valley, California and the Rockies, Midwest, New York and Atlanta. | ||
| 650 | _aATLANTA | ||
| 650 | _aBUSINESS LOCATIONS | ||
| 650 | _aCALIFORNIA | ||
| 650 | _aCANADA | ||
| 650 | _aCOLARADO SPRINGS | ||
| 650 | _aDENVER | ||
| 650 | _aMEXICO | ||
| 650 | _aNEW YORK | ||
| 650 | _aSEATTLE | ||
| 650 | _aSILICON VALLEY | ||
| 650 | _aUNITED STATES | ||
| 690 | _aOVERSEAS-NORTH AMERICA | ||
| 942 | _n0 | ||
| 948 | _c04/03/1997 | ||
| 999 |
_c34299 _d34299 |
||